01587 a2200205 45000010006000000050017000060080041000230030015000640400040000790800035001192450028001540200018001822640027002003000019002275050989002460410008012351000018012437000021012618560099012824549320260407155727.0260407a1986 arg spa dAR-UNSa-BCEJYS aAR-UNSa-BCEJYSbspacAR-UNSa-BCEJYS a330.34xDesarrollo Económico10aPioneros del desarrollo a84-309-1273-8 1aMadrid :bTecnosc1986 a367 p.c23 cm. a1. Remembranza de estudios pasados : volviendo sobre los primeros pasos / Lord Bauer – 2. Economía del desarrollo : Los primeros años / Colin Clark – 3. Confesión de un disidente : Nueva visita a la << estrategia del desarrollo económico>> / Albert O. Hirschman – 4. La economía del desarrollo en los años de 1950 / Sir Arthur Lewis – 5. La desigualdad internacional y la ayuda extranjera en retrospectiva / Gunnar Myrdal – 6. Cinco etapas en mi pensamientos sobre el desarrollo / Raúl Prebisch – 7. Natura facit saltum : Análisis del proceso de crecimiento en desequilibrio / Paul N. Rosenstein-Rodan – 8. Desarrollo : la economía política del periodo largo marshalliano / Walt Whitman Rostow – 9. La controversia de la relación de intercambio y la evolución del financiamiento en condiciones concesionarias : Los primeros años de la ONU / H. W. Singer – 10. La cooperación en el desarrollo como proceso de aprendizaje / Jan Timbergen. aspa1 aSeers, Dudley1 aMeier, Gerald M.41uhttps://www.biblioeco.unsa.edu.ar/pmb/images/libros/L127126.jpgyImagen de portadaqimage/jpeg